[Event "Israel ch 2008"]
[Site "Haifa ISR"]
[Date "2008.12.08"]
[Round "6.20"]
[White "Efroimski, Marsel"]
[Black "Atnilov, Bella"]
[Result "0-1"]
[WhiteElo "2052"]
[BlackElo "2119"]
[PlyCount "52"]
[EventDate "2008.11.??"]
[EventType "team-tourn"]
[EventRounds "9"]
[EventCountry "ISR"]
[Source "lmi"]
[SourceDate "2008.11.30"]

1. e4 e6 2. d4 d5 3. Nd2 dxe4 4. Nxe4 Nd7 5. Nf3 Ngf6 6. Bg5 h6 7. Bh4 Be7 8.
Nxf6+ Nxf6 9. Bd3 O-O 10. Qe2 Nd5 11. Bxe7 Qxe7 12. O-O-O Nb4 13. Bc4 b5 14.
Bxb5 Nxa2+ 15. Kb1 Nb4 16. c3 c6 17. Ba4 Ba6 18. Qe5 Rab8 19. Qc5 Qxc5 20. dxc5
Nd3 21. Rd2 Nxc5 22. Bxc6 Bd3+ 23. Ka2 Rb6 24. b4 Rc8 25. bxc5 Ra6+ 26. Kb2
Rb8+ 0-1

[Event "Israel ch 2008"]
[Site "Haifa ISR"]
[Date "2008.12.09"]
[Round "7.3"]
[White "Klenburg, Mikhail"]
[Black "Postny, Evgeny"]
[Result "1-0"]
[WhiteElo "2403"]
[BlackElo "2674"]
[PlyCount "147"]
[EventDate "2008.11.??"]
[EventType "team-tourn"]
[EventRounds "9"]
[EventCountry "ISR"]
[Source "lmi"]
[SourceDate "2008.11.30"]

1. Nf3 d5 2. g3 c6 3. Bg2 Nf6 4. O-O Bf5 5. d3 e6 6. c4 Nbd7 7. cxd5 exd5 8.
Nc3 Be7 9. Re1 Nc5 10. Nd4 Bg6 11. b4 Ncd7 12. a3 O-O 13. Nb3 Nb6 14. Be3 Ng4
15. Bd4 Bf6 16. e3 Ne5 17. Bf1 Re8 18. f4 Ned7 19. Qf3 Bxd4 20. Nxd4 f6 21. h4
Qe7 22. h5 Bf7 23. Nf5 Qf8 24. d4 Be6 25. Bd3 Bxf5 26. Bxf5 Rad8 27. e4 Qf7 28.
exd5 Nxd5 29. Nxd5 cxd5 30. Rac1 Nf8 31. Rxe8 Rxe8 32. Kf2 g6 33. hxg6 hxg6 34.
Bd3 Kg7 35. f5 g5 36. g4 Qd7 37. Qg3 Rc8 38. Rc5 b6 39. Rxc8 Qxc8 40. Qd6 Qc3
41. Qe7+ Kg8 42. Qxf6 Qxd3 43. Qxg5+ Kf7 44. Qh5+ Ke7 45. Qg5+ Ke8 46. Qh5+ Kd8
47. Qh8 Qc2+ 48. Kf1 Qc1+ 49. Ke2 Qc2+ 50. Kf1 Qc4+ 51. Kf2 Ke8 52. Qh5+ Ke7
53. Qg5+ Kd7 54. Qg7+ Ke8 55. Qe5+ Kf7 56. g5 Qc2+ 57. Kf3 Qd1+ 58. Kf4 Qd2+
59. Kg4 Qg2+ 60. Kh4 Qf2+ 61. Kg4 Qg1+ 62. Kh4 Qh1+ 63. Kg4 Qg2+ 64. Kh4 b5 65.
g6+ Kg8 66. Kh5 Qe4 67. Kg5 Nd7 68. Qe6+ Kh8 69. Qxd7 Qe3+ 70. Kf6 Qxd4+ 71.
Ke6 Qe4+ 72. Kd6 Qf4+ 73. Ke6 Qe4+ 74. Kf7 1-0

[Event "Israel ch 2008"]
[Site "Haifa ISR"]
[Date "2008.12.09"]
[Round "7.4"]
[White "Mikhalevski, Victor"]
[Black "Vydeslaver, Ali"]
[Result "1-0"]
[WhiteElo "2602"]
[BlackElo "2399"]
[PlyCount "139"]
[EventDate "2008.11.??"]
[EventType "team-tourn"]
[EventRounds "9"]
[EventCountry "ISR"]
[Source "lmi"]
[SourceDate "2008.11.30"]

1. d4 d5 2. c4 e6 3. Nf3 c6 4. g3 dxc4 5. Bg2 b5 6. O-O Bb7 7. a4 a6 8. Nc3 Nd7
9. Ne5 Ne7 10. Nxf7 Kxf7 11. Ne4 Nf5 12. Ng5+ Kg8 13. e4 Nxd4 14. Qxd4 Nc5 15.
Qxd8 Rxd8 16. Be3 h6 17. Bxc5 hxg5 18. Bb6 Rb8 19. Rfd1 e5 20. Rd7 Bc8 21. Ba7
Bxd7 22. Bxb8 Rh6 23. Rd1 Bg4 24. Rd8 Re6 25. f3 Bh5 26. Bh3 Re8 27. Rxe8 Bxe8
28. Bxe5 Kf7 29. Kf2 Bc5+ 30. Ke2 a5 31. Bc8 Bb6 32. Kd2 g6 33. Bd6 Bd8 34. e5
Bb6 35. Kc3 Bf2 36. Bc7 Ke7 37. Bd6+ Kf7 38. Kc2 Bb6 39. Kb1 Bd8 40. Bc5 Bc7
41. f4 gxf4 42. gxf4 g5 43. Bd6 Bb6 44. f5 Bd4 45. Bc7 Ke7 46. Bd6+ Kf7 47. Kc2
Bb6 48. h3 Bd4 49. Bb8 Ke7 50. Bc7 Kf7 51. Bd6 Bb6 52. Kc3 Bf2 53. Bc7 Ke7 54.
f6+ Kf7 55. Bd8 Be1+ 56. Kc2 Bb4 57. e6+ Kf8 58. f7 Bxf7 59. exf7 Kxf7 60. axb5
cxb5 61. Ba6 a4 62. Bxb5 a3 63. Bxc4+ Ke8 64. Bxg5 axb2 65. Bf6 Ba3 66. Bg7 Be7
67. Bxb2 Bh4 68. Kd3 Ke7 69. Ke4 Bf6 70. Ba3+ 1-0

[Event "Israel ch 2008"]
[Site "Haifa ISR"]
[Date "2008.12.09"]
[Round "7.5"]
[White "Huzman, Alexander"]
[Black "Greenfeld, Alon"]
[Result "1-0"]
[WhiteElo "2590"]
[BlackElo "2560"]
[PlyCount "59"]
[EventDate "2008.11.??"]
[EventType "team-tourn"]
[EventRounds "9"]
[EventCountry "ISR"]
[Source "lmi"]
[SourceDate "2008.11.30"]

1. Nf3 g6 2. e4 c5 3. d4 cxd4 4. Qxd4 Nf6 5. Bb5 Nc6 6. Bxc6 dxc6 7. Qxd8+ Kxd8
8. Nc3 Bg7 9. O-O Nd7 10. Rd1 e5 11. Be3 f6 12. Nd2 Kc7 13. a4 a5 14. Nc4 Bf8
15. f4 Bb4 16. Na2 Be7 17. Nc1 b5 18. axb5 cxb5 19. Rxa5 Rxa5 20. Nxa5 Bd6 21.
Nd3 Re8 22. c4 exf4 23. Nxf4 Bxf4 24. Bxf4+ Kb6 25. b4 Rxe4 26. Rd6+ Ka7 27.
Bg3 bxc4 28. Rc6 Re8 29. b5 Ne5 30. Rxf6 1-0

[Event "Israel ch 2008"]
[Site "Haifa ISR"]
[Date "2008.12.09"]
[Round "7.6"]
[White "Berkovich, Mark A"]
[Black "Roiz, Michael"]
[Result "1-0"]
[WhiteElo "2409"]
[BlackElo "2677"]
[PlyCount "83"]
[EventDate "2008.11.??"]
[EventType "team-tourn"]
[EventRounds "9"]
[EventCountry "ISR"]
[Source "lmi"]
[SourceDate "2008.11.30"]

1. Nf3 c5 2. g3 Nc6 3. Bg2 g6 4. c4 Bg7 5. Nc3 Nh6 6. d4 cxd4 7. Nxd4 O-O 8.
Bxh6 Bxh6 9. O-O Qb6 10. Nb3 d6 11. Nd5 Qd8 12. e3 Bd7 13. Qe2 e6 14. Nc3 Qe7
15. Rfd1 Rfd8 16. Rd2 Be8 17. Rad1 Rd7 18. Nd4 Nxd4 19. Rxd4 Bg7 20. R4d3 Rad8
21. h4 a6 22. R1d2 Be5 23. Qd1 Rc7 24. f4 Bg7 25. Ne4 d5 26. cxd5 exd5 27. Kf2
Bb5 28. Rxd5 Rxd5 29. Rxd5 Bxb2 30. Qd2 Ba1 31. Qd1 Bg7 32. Rd8+ Bf8 33. Qd4
Rc4 34. Rxf8+ Qxf8 35. Nf6+ Kg7 36. Nh5+ Kh6 37. Qf6 Rc2+ 38. Kg1 Rxg2+ 39.
Kxg2 Qc5 40. g4 Bc6+ 41. Kh3 Qxe3+ 42. Ng3 1-0

[Event "Israel ch 2008"]
[Site "Haifa ISR"]
[Date "2008.12.09"]
[Round "7.7"]
[White "Baron, Tal"]
[Black "Kantsler, Boris"]
[Result "1-0"]
[WhiteElo "2299"]
[BlackElo "2491"]
[PlyCount "89"]
[EventDate "2008.11.??"]
[EventType "team-tourn"]
[EventRounds "9"]
[EventCountry "ISR"]
[Source "lmi"]
[SourceDate "2008.11.30"]

1. e4 g6 2. d4 Bg7 3. Nc3 d6 4. f4 Nf6 5. Nf3 c5 6. Bb5+ Bd7 7. Bxd7+ Nfxd7 8.
d5 b5 9. Nxb5 Qa5+ 10. Nc3 Bxc3+ 11. bxc3 Qxc3+ 12. Bd2 Qc4 13. Qe2 Qxe2+ 14.
Kxe2 Nf6 15. Kd3 O-O 16. c4 Na6 17. a3 Rab8 18. Bc3 Nd7 19. g4 Nb6 20. Rab1 Na4
21. Ba1 f6 22. h4 Nc7 23. g5 fxg5 24. Nxg5 Rxb1 25. Rxb1 Nb6 26. h5 gxh5 27. f5
h6 28. Nh3 Kh7 29. Nf4 Rb8 30. Nxh5 Nd7 31. Rxb8 Nxb8 32. e5 dxe5 33. Bxe5 Nca6
34. Ke4 Kg8 35. f6 Kf7 36. fxe7 Kxe7 37. Nf6 Nd7 38. Nxd7 Kxd7 39. Kf5 Ke7 40.
Kg6 Nb4 41. axb4 cxb4 42. c5 a5 43. c6 a4 44. d6+ Ke6 45. d7 1-0

[Event "Israel ch 2008"]
[Site "Haifa ISR"]
[Date "2008.12.09"]
[Round "7.8"]
[White "Nabati, Tamir"]
[Black "Zilberman, Yaacov"]
[Result "1-0"]
[WhiteElo "2456"]
[BlackElo "2447"]
[PlyCount "45"]
[EventDate "2008.11.??"]
[EventType "team-tourn"]
[EventRounds "9"]
[EventCountry "ISR"]
[Source "lmi"]
[SourceDate "2008.11.30"]

1. e4 Nf6 2. e5 Nd5 3. d4 d6 4. c4 Nb6 5. f4 Bf5 6. Nc3 e6 7. Nf3 dxe5 8. fxe5
Bb4 9. Bd3 Bxd3 10. Qxd3 c5 11. O-O cxd4 12. Ne4 N8d7 13. Bg5 Qc7 14. c5 Nd5
15. Nd6+ Kf8 16. Nxd4 Bxc5 17. Rxf7+ Kg8 18. Bh6 Nxe5 19. Rxc7 Nxd3 20. Rxg7+
Kf8 21. Rxb7+ Kg8 22. Rg7+ Kf8 23. Rxa7+ 1-0

[Event "Israel ch 2008"]
[Site "Haifa ISR"]
[Date "2008.12.09"]
[Round "7.9"]
[White "Gershkowich, David"]
[Black "Gofshtein, Leonid D"]
[Result "1/2-1/2"]
[WhiteElo "2341"]
[BlackElo "2546"]
[PlyCount "50"]
[EventDate "2008.11.??"]
[EventType "team-tourn"]
[EventRounds "9"]
[EventCountry "ISR"]
[Source "lmi"]
[SourceDate "2008.11.30"]

1. e4 e5 2. Nf3 Nc6 3. Bb5 a6 4. Ba4 Nge7 5. c3 g6 6. O-O Bg7 7. d4 exd4 8.
cxd4 b5 9. Bb3 d6 10. Nc3 O-O 11. h3 Na5 12. Bc2 Bb7 13. d5 c6 14. dxc6 Nexc6
15. Bg5 Bf6 16. Bxf6 Qxf6 17. a4 Nc4 18. Nd5 Qxb2 19. Rb1 Qg7 20. Qc1 N6e5 21.
Nd4 Bxd5 22. exd5 Nd3 23. Bxd3 Qxd4 24. Rd1 Qc5 25. Qh6 Rae8 1/2-1/2

[Event "Israel ch 2008"]
[Site "Haifa ISR"]
[Date "2008.12.09"]
[Round "7.10"]
[White "Lerner, Konstantin Z"]
[Black "Prozhanski, Genrik"]
[Result "1-0"]
[WhiteElo "2542"]
[BlackElo "2316"]
[PlyCount "47"]
[EventDate "2008.11.??"]
[EventType "team-tourn"]
[EventRounds "9"]
[EventCountry "ISR"]
[Source "lmi"]
[SourceDate "2008.11.30"]

1. Nf3 Nf6 2. c4 c5 3. Nc3 d5 4. cxd5 Nxd5 5. d4 Nxc3 6. bxc3 g6 7. e3 Bg7 8.
Bd3 O-O 9. O-O Qc7 10. Qe2 Rd8 11. Rd1 Nd7 12. e4 Nf6 13. h3 b6 14. Bd2 Bb7 15.
e5 Ne8 16. Be3 cxd4 17. cxd4 Qd7 18. Ng5 Nc7 19. Rac1 Bd5 20. h4 a6 21. h5 Ne6
22. Ne4 Qa4 23. Nc3 Qd7 24. Bxa6 1-0

[Event "Israel ch 2008"]
[Site "Haifa ISR"]
[Date "2008.12.09"]
[Round "7.11"]
[White "Bykhovsky, Anatoly"]
[Black "Popilsky, Gil"]
[Result "1-0"]
[WhiteElo "2447"]
[BlackElo "2394"]
[PlyCount "89"]
[EventDate "2008.11.??"]
[EventType "team-tourn"]
[EventRounds "9"]
[EventCountry "ISR"]
[Source "lmi"]
[SourceDate "2008.11.30"]

1. d4 Nf6 2. c4 g6 3. Nc3 d5 4. cxd5 Nxd5 5. e4 Nxc3 6. bxc3 Bg7 7. Bc4 c5 8.
Ne2 Nc6 9. Be3 O-O 10. O-O Bg4 11. f3 Bd7 12. Rb1 Rc8 13. Bd3 Qc7 14. Qd2 Rfd8
15. d5 Ne5 16. c4 a6 17. Rfc1 Nxd3 18. Qxd3 e6 19. Nc3 b5 20. cxb5 axb5 21.
dxe6 Bxe6 22. Qxb5 Be5 23. h3 Bxc3 24. Rxc3 Rb8 25. Qf1 Bxa2 26. Ra1 Bb3 27.
Rxc5 Qe7 28. Rac1 Rd7 29. Qf2 Be6 30. Qg3 Re8 31. h4 Rd3 32. Bg5 Qd6 33. Bf4
Qd4+ 34. Kh2 Rd1 35. Rxd1 Qxc5 36. Re1 Qb5 37. Rd1 f6 38. Rd6 Kg7 39. e5 fxe5
40. Bxe5+ Kg8 41. f4 Qb7 42. Ba1 Qe7 43. Qc3 Qxh4+ 44. Kg1 Qh6 45. Qh8+ 1-0

[Event "Israel ch 2008"]
[Site "Haifa ISR"]
[Date "2008.12.09"]
[Round "7.12"]
[White "Gukhvat, Peter"]
[Black "Tseitlin, Mark D"]
[Result "0-1"]
[WhiteElo "2196"]
[BlackElo "2437"]
[PlyCount "82"]
[EventDate "2008.11.??"]
[EventType "team-tourn"]
[EventRounds "9"]
[EventCountry "ISR"]
[Source "lmi"]
[SourceDate "2008.11.30"]

1. Nf3 Nf6 2. c4 g6 3. Nc3 Bg7 4. g3 O-O 5. Bg2 d6 6. O-O e5 7. d4 Nbd7 8. Qc2
exd4 9. Nxd4 Nc5 10. Rd1 Bd7 11. Nd5 Re8 12. Bg5 Ne6 13. Nxe6 fxe6 14. Nc3 Qc8
15. Rd4 Bc6 16. Bh3 Qd7 17. Rad1 Qf7 18. Rh4 Rf8 19. b4 b6 20. b5 Bb7 21. f3
Rae8 22. Qd2 e5 23. Nd5 a6 24. a4 axb5 25. axb5 Ra8 26. Bh6 Rfe8 27. Bxg7 Qxg7
28. Qg5 Rf8 29. Rh6 Kh8 30. Be6 Bxd5 31. cxd5 Ra2 32. Rh4 Rxe2 33. Ra1 e4 34.
Rf1 exf3 35. Rxf3 Nh5 36. Rf1 Rb2 37. Rc4 Rxf1+ 38. Kxf1 Qf8+ 39. Rf4 Nxf4 40.
gxf4 h6 41. Qg3 Qf6 0-1

[Event "Israel ch 2008"]
[Site "Haifa ISR"]
[Date "2008.12.09"]
[Round "7.13"]
[White "Raznikov, Danny"]
[Black "Caspi, Israel"]
[Result "1/2-1/2"]
[WhiteElo "2251"]
[BlackElo "2408"]
[PlyCount "132"]
[EventDate "2008.11.??"]
[EventType "team-tourn"]
[EventRounds "9"]
[EventCountry "ISR"]
[Source "lmi"]
[SourceDate "2008.11.30"]

1. d4 Nf6 2. c4 g6 3. Nc3 Bg7 4. e4 d6 5. Nf3 O-O 6. Be2 e5 7. O-O Nc6 8. d5
Ne7 9. b4 Nh5 10. Re1 f5 11. Ng5 Nf6 12. Bf3 Kh8 13. Bb2 Ne8 14. Ne6 Bxe6 15.
dxe6 Qc8 16. Nd5 Qxe6 17. Nxe7 Qxe7 18. exf5 gxf5 19. Bxb7 Rb8 20. Bd5 Rxb4 21.
Bc3 Rb8 22. c5 Nf6 23. Bc6 e4 24. cxd6 cxd6 25. Rc1 Rfc8 26. Bxf6 Qxf6 27. Qd5
Rb2 28. Bd7 Rf8 29. Red1 Qh4 30. g3 Qh6 31. Qxd6 e3 32. Qxh6 exf2+ 33. Kg2 Bxh6
34. Rc8 Rxa2 35. Rxf8+ Bxf8 36. Bxf5 Bc5 37. g4 Re2 38. Rd8+ Kg7 39. Rd7+ Kf6
40. Rxh7 Re1 41. Bd3 Rg1+ 42. Kf3 f1=Q+ 43. Bxf1 Rxf1+ 44. Ke4 a5 45. Rh6+ Kg7
46. Ra6 Bb4 47. h4 Bd2 48. Ke5 Bc3+ 49. Ke4 Re1+ 50. Kf4 Be5+ 51. Kf5 Bc7 52.
Ra7 Re5+ 53. Kf4 Re7+ 54. Kf5 Bd8 55. Ra8 Bc7 56. Ra7 Re5+ 57. Kf4 Rc5+ 58. Ke4
Kf6 59. Ra6+ Ke7 60. h5 Rc4+ 61. Kf5 Kf7 62. Rf6+ Kg7 63. Rg6+ Kf7 64. Rf6+ Ke7
65. Ra6 Rf4+ 66. Kg5 Rc4 1/2-1/2

[Event "Israel ch 2008"]
[Site "Haifa ISR"]
[Date "2008.12.09"]
[Round "7.14"]
[White "Tarnopolsky, Anatoly"]
[Black "Porat, Ido"]
[Result "1/2-1/2"]
[WhiteElo "2301"]
[BlackElo "2363"]
[PlyCount "89"]
[EventDate "2008.11.??"]
[EventType "team-tourn"]
[EventRounds "9"]
[EventCountry "ISR"]
[Source "lmi"]
[SourceDate "2008.11.30"]

1. d4 d5 2. c4 Nc6 3. Nf3 Bg4 4. e3 e5 5. Qb3 Bxf3 6. gxf3 Bb4+ 7. Bd2 Bxd2+ 8.
Nxd2 Nge7 9. cxd5 Nxd5 10. Bc4 Na5 11. Qa4+ c6 12. Bxd5 Qxd5 13. e4 Qd8 14. d5
b5 15. Qb4 a6 16. a4 Rb8 17. O-O Nc4 18. Nxc4 bxc4 19. Qc5 cxd5 20. exd5 Qb6
21. Qxc4 O-O 22. Rab1 Qb3 23. Qxb3 Rxb3 24. Rfd1 h6 25. Rd2 Rc8 26. Kg2 Kf8 27.
Re1 Rcb8 28. Ree2 R3b4 29. Rc2 R8b7 30. a5 R4b5 31. Red2 Rxa5 32. d6 Rd7 33.
Rc6 Ke8 34. b4 Rb5 35. Rxa6 Rxb4 36. Rc2 Rd4 37. Rc7 g5 38. Rxd7 Kxd7 39. Ra7+
Kxd6 40. Rxf7 Ke6 41. Ra7 Kf5 42. Ra6 g4 43. fxg4+ Rxg4+ 44. Kf3 Rh4 45. Kg3
1/2-1/2

[Event "Israel ch 2008"]
[Site "Haifa ISR"]
[Date "2008.12.09"]
[Round "7.15"]
[White "Vasiliev, Olga"]
[Black "Kataev, Simcho"]
[Result "1/2-1/2"]
[WhiteElo "2235"]
[BlackElo "2315"]
[PlyCount "47"]
[EventDate "2008.11.??"]
[EventType "team-tourn"]
[EventRounds "9"]
[EventCountry "ISR"]
[Source "lmi"]
[SourceDate "2008.11.30"]

1. e4 c6 2. d4 d5 3. Nc3 dxe4 4. Nxe4 Nf6 5. Nxf6+ exf6 6. Nf3 Bd6 7. Bd3 O-O
8. O-O Re8 9. h3 Nd7 10. Be3 Nf8 11. Qd2 Ng6 12. Rfe1 Be6 13. c4 Bc7 14. Rad1
Qd6 15. Bxg6 hxg6 16. b3 g5 17. d5 cxd5 18. cxd5 Bd7 19. Qd4 b6 20. Bd2 a5 21.
Re3 Rxe3 22. Bxe3 Re8 23. Rc1 Rc8 24. Rc2 1/2-1/2

[Event "Israel ch 2008"]
[Site "Haifa ISR"]
[Date "2008.12.09"]
[Round "7.16"]
[White "Miller, Evgeny"]
[Black "Zak, Uri"]
[Result "1-0"]
[WhiteElo "2291"]
[BlackElo "2205"]
[PlyCount "49"]
[EventDate "2008.11.??"]
[EventType "team-tourn"]
[EventRounds "9"]
[EventCountry "ISR"]
[Source "lmi"]
[SourceDate "2008.11.30"]

1. e4 e5 2. Nf3 Nf6 3. Nxe5 d6 4. Nf3 Nxe4 5. Nc3 Nxc3 6. dxc3 Nc6 7. Bf4 Qf6
8. Qd2 Be7 9. O-O-O O-O 10. Re1 h6 11. Bd3 Bf5 12. g4 Bxg4 13. Rhg1 h5 14. h3
Be6 15. Be4 g6 16. Bg5 Qg7 17. Bh6 Qf6 18. Qd3 Ne5 19. Nxe5 dxe5 20. Bxg6 Rfd8
21. Bf5+ Kh8 22. Bg7+ Qxg7 23. Rxg7 Bxf5 24. Qxf5 Kxg7 25. Qxe5+ 1-0

[Event "Israel ch 2008"]
[Site "Haifa ISR"]
[Date "2008.12.09"]
[Round "7.17"]
[White "Igla, Bella"]
[Black "Chernomordik, Pavel"]
[Result "1/2-1/2"]
[WhiteElo "2254"]
[BlackElo "2302"]
[PlyCount "44"]
[EventDate "2008.11.??"]
[EventType "team-tourn"]
[EventRounds "9"]
[EventCountry "ISR"]
[Source "lmi"]
[SourceDate "2008.11.30"]

1. d4 d5 2. c4 Nc6 3. Nf3 Bg4 4. cxd5 Bxf3 5. gxf3 Qxd5 6. e3 e5 7. Nc3 Bb4 8.
Bd2 Bxc3 9. bxc3 Nf6 10. Be2 Qd6 11. Qb3 O-O 12. O-O b6 13. Rad1 Rfe8 14. Bc1
Na5 15. Qc2 e4 16. fxe4 Nxe4 17. Bd3 Qc6 18. Bxe4 Rxe4 19. f3 Rh4 20. e4 Re8
21. Rde1 Nc4 22. Re2 Re6 1/2-1/2

[Event "Israel ch 2008"]
[Site "Haifa ISR"]
[Date "2008.12.09"]
[Round "7.18"]
[White "Vovinkina, Natalia"]
[Black "Aharon, Ofir"]
[Result "0-1"]
[WhiteElo "2147"]
[BlackElo "2118"]
[PlyCount "44"]
[EventDate "2008.11.??"]
[EventType "team-tourn"]
[EventRounds "9"]
[EventCountry "ISR"]
[Source "lmi"]
[SourceDate "2008.11.30"]

1. d4 Nf6 2. Nf3 g6 3. Bf4 Bg7 4. e3 O-O 5. Be2 d6 6. h3 c5 7. c3 Qb6 8. Qb3
Be6 9. Qc2 Nc6 10. dxc5 Qxc5 11. e4 Rac8 12. Nbd2 d5 13. Qa4 Nxe4 14. Nxe4 dxe4
15. Be3 Bxc3+ 16. Kf1 Qb4 17. Qxb4 Bxb4 18. Nd2 f5 19. a3 Bd6 20. g3 Be5 21.
Rb1 Nd4 22. Rd1 Rfd8 0-1

[Event "Israel ch 2008"]
[Site "Haifa ISR"]
[Date "2008.12.09"]
[Round "7.19"]
[White "Atnilov, Bella"]
[Black "Porat, Maya"]
[Result "1/2-1/2"]
[WhiteElo "2119"]
[BlackElo "2167"]
[PlyCount "53"]
[EventDate "2008.11.??"]
[EventType "team-tourn"]
[EventRounds "9"]
[EventCountry "ISR"]
[Source "lmi"]
[SourceDate "2008.11.30"]

1. e4 c5 2. Nf3 d6 3. Bb5+ Bd7 4. Bxd7+ Qxd7 5. c4 Qg4 6. O-O Qxe4 7. d4 Qc6 8.
dxc5 Qxc5 9. Re1 Nf6 10. Nc3 e6 11. Bg5 Nbd7 12. Bxf6 Nxf6 13. Nd5 Be7 14. Qa4+
Nd7 15. Rad1 Rd8 16. Nd4 Bg5 17. Rxe6+ fxe6 18. Nxe6 Qc6 19. Qc2 Bf6 20. Qf5
Rc8 21. Re1 Ne5 22. Nxg7+ Bxg7 23. Qe6+ Kf8 24. Qe7+ Kg8 25. Qe6+ Kf8 26. Qe7+
Kg8 27. Qe6+ 1/2-1/2

[Event "Israel ch 2008"]
[Site "Haifa ISR"]
[Date "2008.12.09"]
[Round "7.20"]
[White "Efroimski, Marsel"]
[Black "Kaplivatski, Alexander"]
[Result "0-1"]
[WhiteElo "2052"]
[BlackElo "2286"]
[PlyCount "102"]
[EventDate "2008.11.??"]
[EventType "team-tourn"]
[EventRounds "9"]
[EventCountry "ISR"]
[Source "lmi"]
[SourceDate "2008.11.30"]

1. e4 c5 2. Nf3 Nc6 3. d4 cxd4 4. Nxd4 Nf6 5. Nc3 e5 6. Ndb5 d6 7. Bg5 a6 8.
Na3 b5 9. Nd5 Qa5+ 10. Bd2 Qd8 11. Bg5 Be7 12. Bxf6 Bxf6 13. c3 O-O 14. Nc2 Bb7
15. Nce3 Bg5 16. Bd3 Ne7 17. Nxe7+ Qxe7 18. Nf5 Qe6 19. Qg4 Bf6 20. Bc2 g6 21.
Bb3 d5 22. Ne3 Qxg4 23. Nxg4 Bg7 24. exd5 Rfd8 25. O-O-O a5 26. a3 Rd6 27. Rhe1
f6 28. Kb1 Kf7 29. Rd2 Rad8 30. Red1 Ke7 31. Ba2 f5 32. Ne3 Bh6 33. a4 bxa4 34.
c4 Rc8 35. Rc2 Rc5 36. Rc3 Bc8 37. Nc2 Bg7 38. Ne1 e4 39. Ra3 Rb6 40. Rd2 Bd7
41. Rh3 h5 42. Rg3 Be5 43. Ra3 Rc8 44. Re2 Kf6 45. d6 Bxd6 46. Rc3 Be5 47. Rcc2
a3 48. c5 Rxb2+ 49. Rxb2 axb2 50. Rc2 Ba4 51. Rd2 Bf4 0-1

[Event "Israel ch 2008"]
[Site "Haifa ISR"]
[Date "2008.12.10"]
[Round "8.3"]
[White "Huzman, Alexander"]
[Black "Mikhalevski, Victor"]
[Result "0-1"]
[WhiteElo "2590"]
[BlackElo "2602"]
[PlyCount "92"]
[EventDate "2008.11.??"]
[EventType "team-tourn"]
[EventRounds "9"]
[EventCountry "ISR"]
[Source "lmi"]
[SourceDate "2008.11.30"]

1. Nf3 Nf6 2. c4 g6 3. Nc3 d5 4. cxd5 Nxd5 5. Qa4+ Bd7 6. Qb3 Nb6 7. d4 Bg7 8.
Bf4 O-O 9. Rd1 c6 10. e4 a5 11. Be2 a4 12. Qc2 Bg4 13. Ne5 Bxe2 14. Nxe2 N8d7
15. Nd3 Nf6 16. f3 Nbd7 17. O-O Qa5 18. Bd2 Qb5 19. Nc3 Qb6 20. Be3 Qa5 21. b4
axb3 22. axb3 e5 23. dxe5 Nxe5 24. b4 Qc7 25. Nb5 Qb8 26. Nxe5 Qxe5 27. Nd6 Nd5
28. Bc5 Qc3 29. Qd2 Qxd2 30. Rxd2 Bh6 31. Rb2 Nf4 32. Nxb7 Rfb8 33. Nd6 Nd3 34.
Rc2 Nxb4 35. Bxb4 Rxb4 36. Kf2 Bf4 37. Nc4 Rba4 38. Rb1 Ra2 39. Rbb2 Rxb2 40.
Rxb2 Bxh2 41. g3 Ra1 42. Ne5 Bg1+ 43. Kg2 Bd4 44. Rb8+ Kg7 45. Nxc6 Ra2+ 46.
Kh1 Bf2 0-1

[Event "Israel ch 2008"]
[Site "Haifa ISR"]
[Date "2008.12.10"]
[Round "8.4"]
[White "Postny, Evgeny"]
[Black "Berkovich, Mark A"]
[Result "1-0"]
[WhiteElo "2674"]
[BlackElo "2409"]
[PlyCount "59"]
[EventDate "2008.11.??"]
[EventType "team-tourn"]
[EventRounds "9"]
[EventCountry "ISR"]
[Source "lmi"]
[SourceDate "2008.11.30"]

1. d4 d6 2. Nf3 f5 3. g3 Nf6 4. Bg2 g6 5. c4 Bg7 6. b4 O-O 7. Bb2 Ne4 8. O-O c5
9. bxc5 dxc5 10. Nbd2 Nc6 11. e3 Qa5 12. Nxe4 fxe4 13. Nd2 cxd4 14. exd4 Bg4
15. Qxg4 Qxd2 16. Bc1 Qxd4 17. Qe6+ Kh8 18. Rb1 Ne5 19. Bf4 Nf3+ 20. Bxf3 exf3
21. Rxb7 Bf6 22. Rxe7 Qb6 23. Be3 Qa5 24. c5 Qc3 25. Qd7 Rad8 26. Rxh7+ Kg8 27.
Qh3 Qc2 28. Rxa7 g5 29. Qe6+ Kh8 30. Rf7 1-0

[Event "Israel ch 2008"]
[Site "Haifa ISR"]
[Date "2008.12.10"]
[Round "8.5"]
[White "Golod, Vitali"]
[Black "Nabati, Tamir"]
[Result "0-1"]
[WhiteElo "2584"]
[BlackElo "2456"]
[PlyCount "96"]
[EventDate "2008.11.??"]
[EventType "team-tourn"]
[EventRounds "9"]
[EventCountry "ISR"]
[Source "lmi"]
[SourceDate "2008.11.30"]

1. c4 c5 2. Nf3 Nc6 3. d4 cxd4 4. Nxd4 Nf6 5. g3 Qa5+ 6. Nc3 Ne4 7. Ndb5 a6 8.
Nc7+ Qxc7 9. Nxe4 b5 10. c5 f5 11. Nc3 e6 12. Bf4 Qa5 13. Bd6 Bxd6 14. Qxd6 b4
15. Nd1 Bb7 16. Bh3 Nd8 17. O-O Rc8 18. Rc1 Nf7 19. Qd4 O-O 20. Ne3 Qb5 21. Rc4
e5 22. Qh4 f4 23. gxf4 Nd6 24. fxe5 Nxc4 25. Qxc4+ Qxc4 26. Nxc4 Rxc5 27. Bxd7
Rd8 28. Be6+ Kf8 29. f4 Ke7 30. f5 g6 31. Nd6 Bd5 32. Bxd5 Rxd5 33. f6+ Ke6 34.
Nc4 Rd1 35. Nd6 Rxf1+ 36. Kxf1 Rb8 37. Nc4 b3 38. axb3 Rxb3 39. Kg2 Rb4 40. Nd6
Kxe5 41. f7 Rf4 42. e3 Rf6 43. Nc4+ Ke6 44. b4 Rxf7 45. Na5 Kd5 46. Nb3 Kc4 47.
Nc5 Kxb4 48. Nxa6+ Kb5 0-1

[Event "Israel ch 2008"]
[Site "Haifa ISR"]
[Date "2008.12.10"]
[Round "8.6"]
[White "Baron, Tal"]
[Black "Bykhovsky, Anatoly"]
[Result "0-1"]
[WhiteElo "2299"]
[BlackElo "2447"]
[PlyCount "64"]
[EventDate "2008.11.??"]
[EventType "team-tourn"]
[EventRounds "9"]
[EventCountry "ISR"]
[Source "lmi"]
[SourceDate "2008.11.30"]

1. e4 c5 2. Nf3 Nc6 3. d4 cxd4 4. Nxd4 Nf6 5. Nc3 e5 6. Ndb5 d6 7. Bg5 a6 8.
Na3 b5 9. Nd5 Be7 10. Bxf6 Bxf6 11. c3 Bg5 12. Nc2 Rb8 13. a4 bxa4 14. Ncb4
Nxb4 15. cxb4 O-O 16. Rxa4 a5 17. b5 Bd7 18. Qb3 Qc8 19. Nc3 Bd8 20. Bc4 Kh8
21. O-O f5 22. exf5 Bxf5 23. Bd5 Bd3 24. Rd1 Qf5 25. Rd2 Bg5 26. Be6 Qg6 27.
Rg4 Bf5 28. Bxf5 Qxf5 29. Rxg5 Qxg5 30. Rxd6 e4 31. Qd5 Qf4 32. Qd2 e3 0-1

[Event "Israel ch 2008"]
[Site "Haifa ISR"]
[Date "2008.12.10"]
[Round "8.7"]
[White "Tseitlin, Mark D"]
[Black "Lerner, Konstantin Z"]
[Result "0-1"]
[WhiteElo "2437"]
[BlackElo "2542"]
[PlyCount "122"]
[EventDate "2008.11.??"]
[EventType "team-tourn"]
[EventRounds "9"]
[EventCountry "ISR"]
[Source "lmi"]
[SourceDate "2008.11.30"]

1. e4 e5 2. Nf3 Nc6 3. Bb5 a6 4. Ba4 Nf6 5. O-O Be7 6. Bxc6 dxc6 7. d3 Nd7 8.
Nbd2 O-O 9. Nc4 f6 10. Nh4 Nc5 11. Nf5 Bxf5 12. exf5 Qd5 13. Qg4 Rfe8 14. Re1
Rad8 15. Be3 e4 16. b4 Na4 17. Bh6 Bf8 18. Ne3 Qf7 19. dxe4 Kh8 20. Bf4 Rxe4
21. a3 Bd6 22. g3 Bxf4 23. gxf4 Nc3 24. Ng2 Rde8 25. Rxe4 Rxe4 26. h4 Qd5 27.
h5 Qd4 28. Qf3 Qd2 29. Qd3 Qxd3 30. cxd3 Re7 31. Kh2 Kg8 32. Rc1 Nd5 33. Rc2
Rd7 34. Rd2 Nc3 35. Rb2 Rd4 36. Ne3 Rxf4 37. Kg3 Rd4 38. Rb3 Ne2+ 39. Kf3 Nc1
40. Rb1 Nxd3 41. Kg3 Ne5 42. a4 Kf7 43. b5 cxb5 44. axb5 axb5 45. Rxb5 b6 46.
Rb1 Ke7 47. Rc1 Kd7 48. f4 Nd3 49. Rd1 c5 50. Nc2 Rd6 51. Ra1 Kc6 52. Ne3 Nb4
53. h6 gxh6 54. Ra7 Rd7 55. Ra8 Nd5 56. Nc4 b5 57. Ne5+ fxe5 58. fxe5 b4 59. f6
Nxf6 60. exf6 Kd5 61. Re8 Rf7 0-1